| 000 | 00864nam a2200229Ia 4500 | ||
|---|---|---|---|
| 999 |
_c41387 _d41387 |
||
| 003 | OSt | ||
| 005 | 20201006115757.0 | ||
| 008 | 160316s1999 xxu||||| |||| 00| 0 eng d | ||
| 020 | _a9780123494825 | ||
| 040 | _cnls | ||
| 082 |
_a340.730000 _bHIR |
||
| 100 | _aHirsch Werner Z | ||
| 245 | _aLaw and economics : An introductory analysis | ||
| 250 | _a3rd | ||
| 260 |
_aLondon _bAcademic Press _c1999 |
||
| 300 |
_a358p _cxxi |
||
| 365 | _b Rs. 7,651 | ||
| 505 | _aTable of contents 1. Introduction 2. Property Law's Basic Legal Premises 3. Economic Analysis of Landlord-Tenant Laws 4. Economic Analysis of Zoning Laws 5. Contract Law 6. Tort Law's Basic Legal Premises 7. Economic Analysis of Tort Law 8. Criminal Law 9. Environmental Law 10. Antimonopoly Law | ||
| 650 | _a1.Laws - Economic analysis - U K | ||
| 700 |
_a _a |
||
| 942 |
_2ddc _cBK |
||